01499nam a2200337 a 4500001001000000003000500010005001700015008004100032010001100073011001100084040000900095090001000104100004700114245016200161260004100323500006000364502011300424590004000537590004000577650004200617650004800659650004200707650004100749856007000790901000700860942001000867942000600877999001900883952012700902952013201029000114317CHAP20220329144436.0180110s2017 mx sm |||||||spa d a110778 a111750 cCHAP aTesis1 aGutiérrez Zapata, Mario Emannuel913425610aEfectos de la composición, rendimientos y precios en el valor bruto de la producción lácteo del DR017h[En línea]bMario Emannuel Gutiérrez Zapata. aChapingo, Méx. :bEl autor,c2017. aPara ver el contenido del material haga clic en la liga aTesis (Ing. Agr. en sistemas pecuarios de Zonas Áridas) -- Unidad Regional Universitaria de Zonas Áridas aE6337LMJb05c20180110lUCH01h1351 aE6337LMJb05c20180110lUCH01h135214aLechexProducciónzDurango.913426014aProductos lácteosxEstadísticas.99213014aProductos lácteosxMercadeo.99213414aProductos lácteosxPrecios.992148 aFinding aiduhttp://10.13.5.2/tesis/sist114317.pdfzTeclea aquí aBK cTESIS n0 c110778d110778 00102local4051718TESISaBCbBCcPA_TESISd2018-01-10fTESISl0oTesisp114317-10r2019-12-31 00:00:00w2018-01-10yCD 00102local4051708TESISaBCbBCcPA_TESISd2018-01-10fTESISl0oTesisp114317-20r2019-12-31 00:00:00tc.2w2018-01-10yCD